The heart of Paul. (Record no. 405)

000 -LEADER
fixed length control field 00630nam a2200193 a 4500
001 - CONTROL NUMBER
control field :::00013559$&:&@@
003 - CONTROL NUMBER IDENTIFIER
control field OkBaRHE
005 - DATE AND TIME OF LATEST TRANSACTION
control field 20100324115811.0
008 - FIXED-LENGTH DATA ELEMENTS--GENERAL INFORMATION
fixed length control field s1976 j 000 0 eng u
040 ## - CATALOGING SOURCE
Transcribing agency
100 1# - MAIN ENTRY--PERSONAL NAME
Personal name Johnson, Ben Campbell.
245 14 - TITLE STATEMENT
Title The heart of Paul.
260 ## - PUBLICATION, DISTRIBUTION, ETC. (IMPRINT)
Place of publication, distribution, etc Waco, TX., :
Name of publisher, distributor, etc Word Books
Date of publication, distribution, etc 1976
300 ## - PHYSICAL DESCRIPTION
Extent 174 p. ;
Dimensions 23 cm.
490 0# - SERIES STATEMENT
Series statement A relational paraphrase of the New Testament, v. 1
650 ## - SUBJECT ADDED ENTRY--TOPICAL TERM
Topical term or geographic name as entry element Bible New Testament Epistles of Paul
General subdivision Paraphrases, English
942 ## - ADDED ENTRY ELEMENTS (KOHA)
Source of classification or shelving scheme
Koha item type Books
Copies
Damaged status Shelving location Date last seen Permanent Location Withdrawn status Not for loan Current Location Collection code Barcode Lost status Date acquired Full call number Koha item type Copy number Source of classification or shelving scheme Price effective from
 General Stacks2018-03-27RHEMA Bible Training College  RHEMA Bible Training CollegeReference13559 2010-04-14BS 2637 .J64Books1 2010-04-14